| 000 | 01190nam a22003257a 4500 | ||
|---|---|---|---|
| 003 | OSt | ||
| 005 | 20210414082749.0 | ||
| 008 | 201110s2019 ||||| |||| 00| 0 eng d | ||
| 020 | _a9781506236483 | ||
| 040 |
_aeng _cDLC |
||
| 041 | _aeng | ||
| 080 |
_a15 _bK-20 |
||
| 245 |
_aUSMLE: Step 1 _bLecture notes 2019, Behavioral Science and Social Sciences _c/ by Kaplan Medical : Edited by Alice Akunyili, MD, Alina Gonzalez-Mayo, MD, Mark Tyler-Lloyd, MD, MPH, Ted A. James, MD, MS, FACS |
||
| 260 |
_aNew York _bKaplan Medical _c2019 |
||
| 300 | _a201 pages | ||
| 650 | 0 |
_969 _aMedicine |
|
| 650 | 0 |
_9135 _aBehavioral Science |
|
| 650 | 0 |
_9136 _aSocial Sciences |
|
| 650 | 0 |
_9134 _aPsychology |
|
| 650 | 0 |
_972 _aUSMLE STEP 1 |
|
| 653 | _aმედიცინა | ||
| 653 | _aქცევის შემსწავლელი მეცნიერებები | ||
| 653 | _aსოციალური მეცნიერებები | ||
| 653 | _aფსიქოლოგია | ||
| 700 |
_913 _aAkunyili, Alice, MD |
||
| 710 |
_914 _aGonzalez-Mayo, Alina, MD |
||
| 711 |
_915 _aTyler-Lloyd, Mark, MD, MPH |
||
| 720 | _aJames, A. Ted, MD, MS, FACS | ||
| 942 |
_2udc _cBK |
||
| 999 |
_c96 _d96 |
||